Exclamatory Movies Quiz Stats

 Plays Quiz Updated Oct 22, 2018

Score 0/16 Timer 08:00
1 Play Today
% Correct
Airplane!
91.5%
Mamma Mia!
88.4%
Oliver!
87.3%
¡Three Amigos!
86.3%
Mars Attacks!
78.5%
Moulin Rouge!
70%
Great Balls of Fire!
66.6%
Oklahoma!
61.6%
% Correct
Stop! Or My Mom Will Shoot
48.6%
That Thing You Do!
46.7%
Mother!
42.3%
Tora! Tora! Tora!
41.1%
The Informant!
39.6%
Hail, Caesar!
28.2%
Win a Date with Tad Hamilton!
24.8%
Saved!
22.6%

You're not logged in!

Compare scores with friends on all Sporcle quizzes.
OR
Log In

Sporcle TV

Today on Sporcle TV


Watch our educational content, quiz creation guides, and fun videos on Sporcle TV.

Show Comments

Extras

Top Quizzes Today


Score Distribution

Your Account Isn't Verified!

In order to create a playlist on Sporcle, you need to verify the email address you used during registration. Go to your Sporcle Settings to finish the process.

Report this User

Report this user for behavior that violates our Community Guidelines.

Details: